000 01579nam a22002297a 4500
999 _c1759
_d1759
003 CoMeUDC
005 20231110155750.0
008 231110b ||||| |||| 00| 0 eng d
020 _a9789587952902
040 _aCO-UdeC
_bSPA
_cCO-UdeC
_dCO-UdeC
_eAARC
_eISBD
082 _a342.86
_bM351
100 _92468
_aMarmolejo Espitia, Oscar Humberto
245 _aCódigo General Disciplinario /
_cOscar Humberto Marmolejo Espitia.
250 _aVigésima séptima edición
260 _aBogotá :
_bLeyer,
_c2023.
300 _a400 p. ;
_c24 cm.
505 0 0 _aPrincipios y normas rectoras de la ley disciplinaria -- Disposiciones generales -- La extinción de la acción y de la sanción disciplinaria -- Derechos, deberes, prohibiciones, incompatibilidades, impedimentos, inhabilidades y conflictos de intereses del servidor público -- Faltas y sanciones disciplinarias -- La descripción de las faltas disciplinarias en particular -- Régimen de los particulares -- Régimen de los notarios -- Procedimiento disciplinario -- La acción disciplinaria -- La competencia -- Impedimentos y recusaciones -- Sujetos procesales -- La actuación procesal -- Pruebas -- Atribuciones de policía judicial -- Nulidades -- Procedimiento -- Ejecución y registro de las sanciones -- Recurso extraordinario de revisión -- Régimen de los funcionarios de la rama judicial -- Transitoriedad, vigencia y derogatoria
546 _aEspañol.
650 0 _92402
_aProceso disciplinario
_xLegislación
_zColombia
650 0 _92403
_aDerecho disciplinario
_xLegislación
_zColombia
942 _2ddc
_cBK